Our Children our responsibility (Record no. 2181)

MARC details
000 -LEADER
fixed length control field 00660 a2200205 4500
010 ## - LIBRARY OF CONGRESS CONTROL NUMBER
LC control number ENG-85405
020 ## - INTERNATIONAL STANDARD BOOK NUMBER
Terms of availability 250.00
035 ## - SYSTEM CONTROL NUMBER
System control number EN-68938
037 ## - SOURCE OF ACQUISITION
Source of stock number/acquisition D.B.Act / Pub
082 14 - DEWEY DECIMAL CLASSIFICATION NUMBER
Classification number 649.151
090 ## - LOCALLY ASSIGNED LC-TYPE CALL NUMBER (OCLC); LOCAL CALL NUMBER (OCLC)
-- 2221
-- 2221
100 1# - MAIN ENTRY--PERSONAL NAME
Personal name Tangri, Poonam
245 1# - TITLE STATEMENT
Title Our Children our responsibility
Statement of responsibility, etc by Poonam Tangri
260 ## - PUBLICATION, DISTRIBUTION, ETC. (IMPRINT)
Place of publication, distribution, etc Chandigarh
Name of publisher, distributor, etc Modern Agencies
Date of publication, distribution, etc 2006
270 ## - ADDRESS
Address SCF-18, Sector-23-C,
City Chandigarh
State or province Chandigarh
Postal code 160023
Telephone number 2707909
300 ## - PHYSICAL DESCRIPTION
Extent 107 p
Dimensions 22 cm (Hb)
500 ## - GENERAL NOTE
General note Includes bibliographical references
942 ## - ADDED ENTRY ELEMENTS (KOHA)
Institution code [OBSOLETE] dpl
Koha item type English Books
Call number prefix 649.151 / TAN
Holdings
Withdrawn status Lost status Source of classification or shelving scheme Damaged status Not for loan Collection code Home library Current library Source of acquisition Cost, normal purchase price Total Checkouts Full call number Barcode Date last seen Copy number Uniform Resource Identifier Cost, replacement price Price effective from Koha item type
    Dewey Decimal Classification   Not For Loan Non-fiction D.B.Act.Division D.B.Act.Division DBAD/PUB 250.00   649.151 EN-68938 15/09/2008 1 2314 250.00 15/09/2008 English Books

© Delhi Public Library
Hit Counter
free hit counter